[Event "BL2-N9596"]
[Site "Germany"]
[Date "1996.??.??"]
[Round "?"]
[White "Sieg, Ulrich"]
[Black "Schoeneich, Matthias"]
[Result "1-0"]
[WhiteElo "2325"]
[BlackElo "2255"]

1.e4 d6 2.d4 g6 3.Nc3 Bg7 4.Bc4 Nf6 5.Qe2 Nc6 6.e5 Nxd4 7.exf6 Nxe2 8.fxg7 Rg8
9.Ngxe2 Rxg7 10.Bh6 Rg8 11.O-O-O Be6 12.Bxe6 fxe6 13.Rhe1 Qd7 14.Nf4 e5 15.Rxe5 Qg4
16.f3 Qd7 17.Ne6 dxe5 18.Rxd7 Kxd7 19.Nc5+ Kc6 20.Nd3 Kd6 21.Ne4+ Kd5 22.Bd2 h6
23.Nb4+ Ke6 24.Nc5+ Kf7 25.Nxb7 g5 26.h3 h5 27.Nc5 g4 28.fxg4 hxg4 29.h4 Rad8
30.Nbd3 Rd5 31.c4 Rdd8 32.Nxe5+ Kf6 33.Ncd3 Kf5 34.Bg5 Ke4 35.Kd2 Rg7 36.Nxg4 Kf5
37.Nf2 Rxg5 38.hxg5 Kxg5 39.Ke2 Kh4 40.g4 Kg5 41.Ke3 a5 42.b3 Rf8 43.Nc5 Kh4
44.Ne6 Rf6 45.Nxc7 a4 46.Nd5 Re6+ 47.Kf3 Re1 48.Nd3 Rf1+ 49.Ke2 Ra1 50.Nc3 axb3
51.axb3 Kxg4 52.Ke3 Ra3 53.Nc5 Kf5 54.Kd4 Ra8 55.b4 Rd8+ 56.Ke3 Ke5 57.Nd3+ Kf5
58.Nc5 Ke5 59.b5 Rh8 60.Nd3+ Kf5 61.c5 e5 62.Nf2 Ke6 63.c6 Rh7 64.Kd3  1-0

[Event "Landesliga N9596 Bayern"]
[Site "Germany"]
[Date "1996.??.??"]
[Round "?"]
[White "Roesch, Otto"]
[Black "Straschewski, Joerg"]
[Result "1/2-1/2"]
[WhiteElo "2085"]
[BlackElo "1965"]

1.e4 g6 2.d4 Bg7 3.Nc3 d6 4.f4 c6 5.Nf3 Bg4 6.Be2 Qb6 7.e5 dxe5 8.dxe5 Na6
9.Qd4 Qa5 10.a3 Nh6 11.b4 Qc7 12.Ne4 O-O 13.h3 Bxf3 14.Bxf3 Rfd8 15.Qf2 f6
16.Bb2 fxe5 17.Bxe5 Bxe5 18.fxe5 Qxe5 19.O-O Qd4 20.Rae1 Nf5 21.g4 Ng7 22.Ng3 Qxf2+
23.Rxf2 Rd7 24.g5 Rf8 25.Bg4 Rxf2 26.Kxf2 Rd2+ 27.Kf3 Kf7 28.Bc8 Rxc2 29.Bxb7 Nc7
30.Re5 Nd5 31.b5 Rc3+ 32.Kf2 Rxa3 33.Bxc6 Nc7 34.Re1 Nge6 35.h4 Nd4 36.Rb1 Rc3
37.Bd7 Rf3+ 38.Kg2 Nd5 39.Bc6 Nf4+ 40.Kh2 Rf2+ 41.Kg1 Rc2 42.Ba8 Rc3 43.Kf2 Rb3
44.Rxb3 Nxb3 45.Ke3 e5 46.Ne2 Nxe2 47.Bd5+ Ke7 48.Bxb3 Nd4 49.Bc4 Nf5+ 50.Kd3 h6
51.Bg8 h5 52.Ke4 Kd6 53.Bf7 Nxh4 54.Be8 Ke7 55.Bc6 Nf5 56.Kxe5 h4 57.Bg2 Nd6
58.Bf1 h3 59.Bxh3 Nxb5 60.Bf1 Nc3 61.Bd3 Kf7 62.Kd4 Na4 63.Bb1  1/2-1/2

[Event "Landesliga S9596 Bayern"]
[Site "Germany"]
[Date "1996.??.??"]
[Round "?"]
[White "Deglmann, Ludwig"]
[Black "Terzic, Safet"]
[Result "0-1"]
[WhiteElo "2230"]
[BlackElo "2315"]

1.e4 g6 2.d4 Bg7 3.Nc3 d6 4.Bc4 Nf6 5.Nf3 O-O 6.Bb3 Nc6 7.h3 e5 8.dxe5 dxe5
9.Bg5 Be6 10.Bxe6 fxe6 11.Qxd8 Raxd8 12.Nb5 a6 13.Na3 b5 14.c3 Rd7 15.Bxf6 Bxf6
16.Ke2 g5 17.Rhd1 Rdf7 18.Nc2 h5 19.Nfe1 Be7 20.Nd3 a5 21.Ne3 a4 22.f3 Bd6
23.Kf2 Na5 24.Rac1 Nb7 25.c4 Nc5 26.cxb5 Nxe4+ 27.Kg1 Ng3 28.Rc4 Ra8 29.Nf2 Rb8
30.Rxa4 Rxb5 31.b3 Bc5 32.Rd3 Bd4 33.Nc2 Bb6 34.Ne3 Kg7 35.Ne4 Nf5 36.Nc3 Rc5
37.Kh2 Nxe3 38.Rxe3 Rd7 39.h4 Rc6 40.Rxe5 Rxc3 41.Rxg5+ Kh6 42.Ra8 Bd4 43.Raa5 c5
44.b4 Be3 45.Rg8 Bf4+ 46.g3 Rd2+ 47.Kh3 Rcc2 48.Rh8+ Kg6 49.gxf4 Rh2+ 50.Kg3 Rcg2+  0-1

[Event "NRW-Liga II 9596"]
[Site "Germany"]
[Date "1996.??.??"]
[Round "?"]
[White "Titzhoff, Frank"]
[Black "Rieke, Theo"]
[Result "0-1"]
[WhiteElo "2165"]
[BlackElo "2245"]

1.d4 g6 2.e4 Bg7 3.Nc3 d6 4.f4 Nf6 5.Nf3 O-O 6.Be2 c5 7.dxc5 Qa5 8.O-O Qxc5+
9.Kh1 Nc6 10.Qe1 Bg4 11.Bd3 Rac8 12.Be3 Qa5 13.Nd2 Bd7 14.Nb3 Qd8 15.Qh4 a6
16.a4 Ng4 17.Bg1 Nb4 18.Nd4 e5 19.Qxd8 Rfxd8 20.Nde2 exf4 21.Nxf4 Bxc3 22.bxc3 Rxc3
23.Bb6 Rdc8 24.Ba5 Nxd3 25.cxd3 Rc2 26.Nd5 Kg7 27.Bb6 Be6 28.Bd4+ Ne5 29.Nf4 g5
30.Nxe6+ fxe6 31.Rab1 R8c7 32.h3 Kg6 33.Bxe5 dxe5 34.Rb6 R2c6 35.Rb3 Rc1
36.Rb1 Rxf1+ 37.Rxf1 b5 38.Rb1 Rc3 39.axb5 axb5 40.Rxb5 Rxd3 41.Rxe5 Kf6
42.Ra5 Rd4 43.e5+ Kf5 44.Ra7 h5 45.Rh7 h4 46.Rg7 Rd1+ 47.Kh2 Re1 48.Rf7+ Kxe5
49.Rf2 Ke4 50.Rf8 e5 51.Rf7 Kd3 52.Rd7+ Ke4 53.Rf7 Ra1 54.Rf8 Ke3 55.Rf5 e4
56.Rxg5 Kd3 57.Rd5+ Kc4 58.Rh5 e3 59.Rxh4+ Kd3 60.Rh8 e2 61.Re8 e1=Q 62.Rxe1 Rxe1
63.Kg3 Re8 64.Kf4 Kd4 65.Kf5 Kd5 66.Kf6 Kd6 67.g4 Rh8 68.g5 Rxh3 69.g6 Rf3+
70.Kg5 Ke7  0-1

[Event "NRW-Liga II 9596"]
[Site "Germany"]
[Date "1996.??.??"]
[Round "?"]
[White "Rieke, Theo"]
[Black "Weber, Peter"]
[Result "1/2-1/2"]
[WhiteElo "2245"]
[BlackElo "2215"]

1.d4 g6 2.e4 Bg7 3.Nc3 d6 4.Nf3 Nf6 5.h3 a6 6.Bf4 O-O 7.e5 Nfd7 8.Qd2 c5
9.dxc5 dxe5 10.Be3 Nc6 11.Bc4 Qa5 12.Ne4 Qxd2+ 13.Nfxd2 Nd4 14.O-O-O Nf5
15.g4 Nxe3 16.fxe3 Nf6 17.Nxf6+ Bxf6 18.Ne4 Bh4 19.Nc3 Bg5 20.Rd3 Kh8 21.h4 Bh6
22.g5 Bg7 23.e4 h5 24.Bb3 Bg4 25.Nd5 Rac8 26.Nxe7 Rxc5 27.Kd2 Kh7 28.Nd5 f5
29.gxf6 Bxf6 30.Ne3 Bf3 31.Rd7+ Kh6 32.Rf1 Bxe4 33.Bd5 Bxd5 34.Nxd5 Bg7 35.Rxf8 Bxf8
36.Nf6 g5 37.Rd8 Bg7 38.Ne4 Rc6 39.hxg5+ Kg6 40.c3 h4 41.Ke3 h3 42.Rd1 Rc8
43.Rh1 Rh8 44.Kf2  1/2-1/2

[Event "NRW-Liga II 9596"]
[Site "Germany"]
[Date "1996.??.??"]
[Round "?"]
[White "Prange, Stefan"]
[Black "Eising, Johannes"]
[Result "0-1"]
[WhiteElo "2055"]
[BlackElo "2320"]

1.d4 g6 2.e4 Bg7 3.Nc3 d6 4.Bc4 Nf6 5.Qe2 c6 6.e5 Nd5 7.Bd2 O-O 8.O-O-O a5
9.Nxd5 cxd5 10.Bd3 Nc6 11.exd6 Qxd6 12.c3 e5 13.dxe5 Nxe5 14.Be3 Bg4 15.f3 Nxd3+
16.Qxd3 Bf5 17.Qd2 Rfe8 18.g4 Bd7 19.Ne2 Qe5  0-1

[Event "NRW-Liga II 9596"]
[Site "Germany"]
[Date "1996.??.??"]
[Round "?"]
[White "Kroeger, Fabian"]
[Black "Reinartz, Georg"]
[Result "0-1"]
[WhiteElo "2190"]
[BlackElo "2230"]

1.e4 g6 2.d4 Bg7 3.Nc3 d6 4.Be3 Nd7 5.Qd2 a6 6.f4 b5 7.a4 b4 8.Nd1 Ngf6 9.Nf2 Bb7
10.Bd3 c5 11.c3 Qa5 12.cxb4 cxb4 13.Ne2 e5 14.O-O O-O 15.Ng3 Nd5 16.fxe5 Nxe3
17.Qxe3 dxe5 18.d5 h5 19.Ne2 Qc5 20.Qh3 Nf6 21.Kh1 Bh6 22.Nd1 Kg7 23.Qg3 Rae8
24.Rf3 Ng4 25.h3 Rh8 26.Nf2 Bc8 27.h4 f6 28.b3 g5 29.Rc1 Qxc1+ 30.Nxc1 gxh4
31.Nxg4 hxg3 32.Nxh6 Rxh6 33.Rxg3+ Rg6 34.Re3 Re7 35.Bc4 f5 36.exf5 Bxf5
37.Nd3 Bxd3 38.Bxd3 Rf6 39.Kg1 a5 40.g3 Rd6 41.Be4 Rc7 42.Bf3 Kf6 43.Kf2 Rc2+
44.Re2 Rc3 45.Re3 Rd8 46.Rxc3 bxc3 47.Ke1 Rg8  0-1

[Event "BL9697 (Women)"]
[Site "Germany"]
[Date "1996.??.??"]
[Round "?"]
[White "Werner, Isabel"]
[Black "Djeno, Mara"]
[Result "1-0"]
[WhiteElo "2145"]
[BlackElo "2200"]

1.e4 d6 2.d4 g6 3.Nc3 Bg7 4.Be3 c6 5.Qd2 b5 6.f3 Qa5 7.g4 Nd7 8.Nge2 Nb6
9.Ng3 Nf6 10.g5 Nfd7 11.h4 Ba6 12.b3 e5 13.f4 O-O 14.Bh3 c5 15.dxe5 Nxe5
16.fxe5 Bxe5 17.Nce2 b4 18.Rd1 c4 19.Bd4 c3 20.Qe3 Rae8 21.Bxe5 Rxe5 22.Rxd6 Qxa2
23.Nd4 Rfe8 24.Kf2 Bb7 25.Bg2 Qa5 26.Rd1 Nd5 27.Qf3 Qc7 28.Rxd5 Bxd5 29.exd5 Re3
30.Qg4 a5 31.Ne4 R3xe4 32.Bxe4 Qh2+ 33.Kf3 a4 34.bxa4 b3 35.Nxb3 Rxe4 36.Kxe4 Qxc2+
37.Rd3 Qxb3 38.Qc8+ Kg7 39.Qxc3+  1-0

[Event "BL9697 (Women)"]
[Site "Germany"]
[Date "1996.??.??"]
[Round "?"]
[White "Skibbe, Diana"]
[Black "Kunze, Kerstin"]
[Result "1-0"]
[WhiteElo "2065"]
[BlackElo "2150"]

1.e4 g6 2.d4 Bg7 3.Nc3 d6 4.f4 Nf6 5.Nf3 O-O 6.Bd3 c5 7.dxc5 dxc5 8.Qe2 Nc6
9.e5 Nd5 10.Nxd5 Qxd5 11.Bc4 Qd8 12.c3 Na5 13.Bd3 Qc7 14.h4 Bg4 15.h5 Rfd8
16.hxg6 hxg6 17.Bc2 Nc6 18.Qf2 Qa5 19.Bd2 Rd7 20.Qh4 Bxf3 21.gxf3 Rad8 22.Rh2 Qb6
23.O-O-O Na5 24.f5 gxf5 25.Qh7+  1-0

[Event "BL9697 (Women)"]
[Site "Germany"]
[Date "1996.??.??"]
[Round "?"]
[White "Schubert, Silke"]
[Black "Braun, Regine"]
[Result "1-0"]
[WhiteElo "2095"]
[BlackElo "2005"]

1.e4 g6 2.d4 Bg7 3.Nc3 d6 4.f4 Nf6 5.Nf3 O-O 6.Bd3 Nbd7 7.O-O c5 8.d5 Ne8
9.Kh1 a6 10.a4 Nc7 11.Qe1 e5 12.dxe6 fxe6 13.Ng5 Qe8 14.Qh4 h6 15.Nf3 h5
16.Qg3 e5 17.Nh4 Rf6 18.f5 gxf5 19.exf5 Kh8 20.Bg5 d5 21.Bxf6 Bxf6 22.Ng6+ Kh7
23.Be2  1-0

[Event "NRW-Liga I 9697"]
[Site "Germany"]
[Date "1996.??.??"]
[Round "2.2"]
[White "Siebrecht, Sebastian"]
[Black "Koch, Wolfgang Max"]
[Result "0-1"]
[WhiteElo "2395"]
[BlackElo "2325"]

1.e4 g6 2.d4 Bg7 3.Nc3 d6 4.Be3 c6 5.Qd2 Nd7 6.f3 a6 7.Nge2 b5 8.g4 Bb7 9.Bg2 e5
10.O-O Ne7 11.f4 exd4 12.Bxd4 Bxd4+ 13.Qxd4 Qb6 14.Rad1 O-O-O 15.b3 Kc7 16.h3 Rhe8
17.Kh2 Qxd4 18.Nxd4 Nc8 19.a3 Na7 20.Nde2 a5 21.Ng3 Nc8 22.Rd2 Ncb6 23.Rfd1 Nc5
24.Nce2 a4 25.Nd4 Ra8 26.b4 Ncd7 27.Bf1 Nf6 28.Re1 Ba6 29.Nf3 Rad8 30.g5 Nfd7
31.Red1 d5 32.e5 Nf8 33.Nd4 Ne6 34.Nxe6+ fxe6 35.h4 Rf8 36.Rd4 Rd7 37.Bh3 Re7
38.Rf1 Nc4 39.Rd3 Bc8 40.Ne2 Ref7 41.Kg1 Bd7 42.Bg2 Kb6 43.Rff3 c5 44.bxc5+ Kxc5
45.h5 b4 46.axb4+ Kxb4 47.hxg6 hxg6 48.Rf1 Kc5 49.Ra1 Rb8 50.Nc3 Rb4 51.Nxd5 exd5
52.Rxd5+ Kb6 53.c3 Rb3 54.Rd4 Bb5 55.Bd5 Rc7 56.Bxc4 Rxc4 57.Rxc4 Bxc4 58.Rxa4 Rxc3
59.Ra8 Kc5 60.Rf8 Be6 61.Kf2 Kd5 62.Rf6 Bf5 63.e6 Rc8 64.Kg3 Re8 65.Kh4 Rh8+
66.Kg3 Kd6 67.Kf3 Re8 68.Kg3 Rxe6 69.Rxf5 gxf5 70.Kh4 Ke7 71.Kh5 Kf7 72.g6+ Rxg6  0-1

[Event "NRW-Liga II 9697"]
[Site "Germany"]
[Date "1996.??.??"]
[Round "3.1"]
[White "Lytchak, Alexander"]
[Black "Haub, Thorsten Michael"]
[Result "1-0"]
[WhiteElo "2265"]
[BlackElo "2345"]

1.d4 g6 2.e4 Bg7 3.Nc3 d6 4.Be3 a6 5.Qd2 Nd7 6.a4 h6 7.a5 e6 8.Bd3 Ne7 9.Nge2 Nf6
10.h3 d5 11.e5 Nd7 12.b4 Nc6 13.Na4 b5 14.axb6 cxb6 15.O-O b5 16.Nc5 Nxc5
17.bxc5 Rb8 18.g4 Qh4 19.Kg2 Bb7 20.f4 Qe7 21.Ng3 h5 22.gxh5 gxh5 23.Be2 Kd7
24.Nxh5 Rbg8 25.Kh2 f6 26.Rg1 Qf7 27.Rg3 fxe5 28.Rag1 Rh7 29.fxe5 b4 30.Rf1 Qe7
31.Nf6+ Bxf6 32.Rxg8 Nxe5 33.dxe5 Bxe5+ 34.Bf4 Rxh3+ 35.Kxh3 Qh7+ 36.Kg3 Qxg8+
37.Bg4 Bc3 38.Qe2 Bc8 39.Be5 d4 40.Qe4  1-0

[Event "Gleisdorf ch"]
[Site "Gleisdorf"]
[Date "1996.??.??"]
[Round "5"]
[White "Neubauer, Anton"]
[Black "Brand, T."]
[Result "0-1"]
[WhiteElo "1865"]
[BlackElo "1910"]

1.e4 g6 2.d4 Bg7 3.Nc3 d6 4.Bc4 a6 5.Qf3 e6 6.Nge2 b5 7.e5 d5 8.Bxd5 exd5
9.Nxd5 c6 10.Ndf4 Ne7 11.c3 O-O 12.Ng3 Nd5 13.h4 Nxf4 14.Bxf4 Qd5 15.Qe2 Be6
16.Ne4 Nd7 17.h5 a5 18.O-O Rab8 19.Nf6+ Nxf6 20.exf6 Bxf6 21.hxg6 hxg6 22.Bxb8 Rxb8
23.a3 Kg7 24.f3 Rh8 25.Kf2 Bh4+ 26.Ke3 Re8 27.Kd2 Bd7 28.Qd3 Bf5  0-1

[Event "Goch op"]
[Site "Goch"]
[Date "1996.??.??"]
[Round "7"]
[White "Preuschoff, Michael"]
[Black "Evers, Leo"]
[Result "1-0"]
[WhiteElo "2270"]
[BlackElo "1975"]

1.e4 g6 2.d4 Bg7 3.Nc3 d6 4.Nf3 Nf6 5.Be2 c6 6.Bf4 Qb6 7.Qc1 O-O 8.Bh6 Bxh6
9.Qxh6 Qxb2 10.Kd2 Qb4 11.Bd3 Qa5 12.Ng5 Nbd7 13.f4 e5 14.dxe5 dxe5 15.Raf1 Qc5
16.fxe5 Qe3+ 17.Kd1 Nxe5 18.Rxf6 Bg4+ 19.Rf3 Rfe8 20.Ne2 Bxf3 21.gxf3 Rad8
22.Qxh7+ Kf8 23.Qh8+ Ke7 24.Qxe5+ Kf8 25.Nh7+ Kg8 26.Nf6+ Kf8 27.Nxe8 Qxf3
28.Rg1 Rxe8 29.Qf4 Qh5 30.Rg5  1-0

[Event "Gran Canaria op"]
[Site "Gran Canaria"]
[Date "1996.??.??"]
[Round "?"]
[White "Perdomo, Jose"]
[Black "Gerer, Josef"]
[Result "0-1"]
[WhiteElo "2265"]
[BlackElo "2215"]

1.e4 g6 2.d4 d6 3.Nc3 Bg7 4.f4 Nc6 5.Nf3 Bg4 6.Be3 Bxf3 7.gxf3 d5 8.e5 e6
9.Ne2 Nge7 10.Ng3 h5 11.h4 Nc8 12.Qd2 Nb6 13.O-O-O Bf8 14.Kb1 Be7 15.Qh2 Nc4
16.Bxc4 dxc4 17.c3 Qd5 18.Ne4 b5 19.Qc2 Rb8 20.Nd2 Kd7 21.Qe4 Rb6 22.Bf2 Rhb8
23.Qxd5+ exd5 24.Kc2 b4 25.Rb1 bxc3 26.bxc3 Rxb1 27.Rxb1 Rxb1 28.Kxb1 Bd8
29.Kb2 Ne7 30.Ka3 Nf5 31.Kb4 c6 32.Nf1 Nxh4 33.Ng3 Nxf3 34.f5 h4 35.e6+ fxe6
36.fxg6 hxg3 37.Bxg3 Bf6 38.Ka5 c5 39.dxc5 Bxc3+ 40.Kb5 Bg7 41.c6+ Kc8  0-1

[Event "Gran Canaria op"]
[Site "Gran Canaria"]
[Date "1996.??.??"]
[Round "?"]
[White "Menvielle Lacourrelle, Augusto"]
[Black "Zunker, Reinhard"]
[Result "1/2-1/2"]
[WhiteElo "2285"]
[BlackElo "2195"]

1.e4 g6 2.d4 Bg7 3.Nc3 d6 4.Nf3 a6 5.Be2 Nf6 6.O-O O-O 7.Re1 c6 8.a4 Qc7
9.h3 b6 10.Bc4 e5 11.Be3 Nbd7 12.dxe5 dxe5 13.Qd2 Bb7 14.Rad1 b5 15.Bd3 b4
16.Nb1 c5 17.Bg5 Rfd8 18.Qe2 Nf8 19.Bxf6 Bxf6 20.Bc4 Qb6 21.Bd5 Rd7 22.Nbd2 Bxd5
23.exd5 Rxd5 24.Nc4 Qd8 25.Rxd5 Qxd5 26.Nb6 Qc6 27.Nxa8 Qxa8 28.Nxe5 Ne6
29.Nc4 Kg7 30.Qe4 Qd8 31.Qb7 Nd4 32.Ne3 Qa5 33.b3 Bg5 34.Qd5 Ne6 35.Nc4 Qd8
36.Qxd8 Bxd8 37.Re5 Kf8 38.Rd5 Bc7 39.Ne5 Ke7 40.Nf3 Bd6 41.g3 f6 42.Kf1 g5
43.Ke2 Nc7 44.Rd1 Ke6 45.Kd3 Kd5 46.c4+ Ke6 47.Re1+ Kf7 48.Ke4 Ke6 49.Kd3+ Kf7
50.Nd2 Be5 51.Nf3 Bd6 52.Re4 h6 53.h4 g4 54.Nd2 f5 55.Re1 Kf6 56.Nf1 Ne6
57.Nd2 Be5 58.Nf1 Nd4 59.Rb1 Ne6 60.Ne3 Bd4 61.Rf1 Ke5 62.f3 Bxe3 63.Kxe3 gxf3
64.Rd1 Nd4 65.Rd3 h5 66.Kf2 f4 67.gxf4+ Kxf4 68.Re3 a5 69.Rd3 Ke4 70.Re3+ Kf4  1/2-1/2

[Event "Koop Tjuchem op"]
[Site "Groningen"]
[Date "1996.??.??"]
[Round "1"]
[White "Klinova, Masha"]
[Black "Eppinga, Roland"]
[Result "1-0"]
[WhiteElo "2380"]
[BlackElo "2150"]

1.e4 d6 2.d4 g6 3.Nc3 Bg7 4.f4 Nf6 5.Nf3 O-O 6.Bd3 Nc6 7.O-O e5 8.fxe5 dxe5
9.d5 Nd4 10.Ne2 c6 11.Nexd4 exd4 12.Bg5 Qb6 13.dxc6 bxc6 14.Ne5 Nxe4 15.Nxf7 Bf5
16.Nh6+ Kh8 17.Nxf5 gxf5 18.Qh5 c5 19.Be7 Qe6 20.Bxf8 Rxf8 21.Rae1 c4 22.Bxe4 fxe4
23.Rxf8+ Bxf8 24.Qh4 d3 25.Rxe4 Qb6+ 26.Kf1 dxc2 27.Qf4 Qd6 28.Qc1 Qd3+ 29.Re2 Qd1+
30.Re1 Qd3+ 31.Kg1 Bb4 32.Re8+ Kg7 33.Qg5+ Kf7 34.Qe7+ Kg6 35.Rg8+ Kf5 36.Rg5+  1-0

[Event "Hafnarfjordur op"]
[Site "Hafnarfjordur"]
[Date "1996.??.??"]
[Round "5"]
[White "Vidarsson, Jon G"]
[Black "Martin, Andrew D"]
[Result "0-1"]
[WhiteElo "2360"]
[BlackElo "2425"]

1.e4 g6 2.d4 Bg7 3.Nc3 d6 4.Be3 a6 5.Qd2 Nd7 6.f4 b5 7.a4 b4 8.Nd1 Ngf6 9.Nf2 c5
10.d5 O-O 11.Nf3 Qc7 12.Be2 a5 13.O-O Nb6 14.c3 bxc3 15.bxc3 e6 16.c4 exd5
17.cxd5 Ng4 18.Nxg4 Bxg4 19.Ra2 Rfe8 20.Bd3 Bd7 21.Rc1 Nxa4 22.Nd4 Nb6 23.Bf2 a4
24.e5 dxe5 25.Nb5 Qb8 26.Bxc5 e4 27.Be2 e3 28.Qd1 Qxf4 29.Bxb6 Be5 30.g3 Qf2+
31.Kh1 Bxb5 32.Bxb5 Qxa2 33.Bxe8 Rxe8 34.Bxe3 Qb3 35.Bf2 Qxd1+ 36.Rxd1 a3
37.Bd4 Bxd4  0-1

[Event "Hafnarfjordur op"]
[Site "Hafnarfjordur"]
[Date "1996.??.??"]
[Round "6"]
[White "Dunnington, Angus J"]
[Black "Carlier, Bruno"]
[Result "1-0"]
[WhiteElo "2450"]
[BlackElo "2380"]

1.d4 g6 2.e4 Bg7 3.Nc3 d6 4.Nf3 a6 5.Be3 Bg4 6.Be2 Nc6 7.d5 Bxf3 8.Bxf3 Ne5
9.Be2 Nf6 10.O-O O-O 11.a4 c5 12.a5 b5 13.axb6 Qxb6 14.Bc1 Rfb8 15.Kh1 Ned7
16.f4 Qc7 17.Rxa6 Rxa6 18.Bxa6 c4 19.Qe2 Nb6 20.Bb5 Nfd7 21.Bc6 Qa7 22.h3 Qa1
23.Bxd7 Nxd7 24.Qxc4 Rxb2 25.Bxb2 Qxb2 26.Qc8+ Nf8 27.Ne2 h5 28.Qc4 Nd7 29.Qc8+ Nf8
30.Qc4 Kh7 31.Qb3 Qf6 32.Qf3 Nd7 33.c3 Nc5 34.Nd4 e6 35.dxe6 fxe6 36.Re1 Bh6
37.Rf1 Bg7 38.Re1 e5 39.fxe5 Qh4 40.Re2 dxe5 41.Nc6 Ne6 42.Kh2 Nf4  1-0

[Event "Hallsberg op"]
[Site "Hallsberg"]
[Date "1996.??.??"]
[Round "8"]
[White "Chernuschevich, Alexei"]
[Black "Karlsson, Lars"]
[Result "0-1"]
[WhiteElo "2380"]
[BlackElo "2465"]

1.d4 g6 2.e4 Bg7 3.Nc3 d6 4.Nge2 Nf6 5.g3 O-O 6.Bg2 e5 7.O-O Nc6 8.d5 Ne7
9.f4 exf4 10.gxf4 c6 11.dxc6 bxc6 12.Kh1 d5 13.Ng3 dxe4 14.Qxd8 Rxd8 15.Ngxe4 Nxe4
16.Nxe4 Be6 17.c3 Rab8 18.Nc5 Bd5 19.Nb3 Nf5 20.Kg1 Bf8 21.Bxd5 Rxd5 22.Kf2 a5
23.c4 Rd3 24.Nxa5 Bc5+ 25.Ke2 Rd6 26.Nxc6 Rxc6 27.Rb1 Rd6  0-1

[Event "Union de Reyes"]
[Site "Havana"]
[Date "1996.??.??"]
[Round "4"]
[White "Herrera, Irisberto"]
[Black "Espinosa, Julio"]
[Result "1/2-1/2"]
[WhiteElo "2420"]
[BlackElo "2335"]

1.e4 d6 2.d4 g6 3.Nc3 Bg7 4.Bc4 Nc6 5.Be3 Nf6 6.f3 a6 7.a4 e5 8.d5 Ne7 9.Qd2 Nfg8
10.f4 exf4 11.Bxf4 h6 12.Nf3 g5 13.Bg3 Ng6 14.O-O N8e7 15.Rae1 O-O 16.h4 g4
17.Nd4 Ne5 18.Bd3  1/2-1/2

[Event "Union de Reyes"]
[Site "Havana"]
[Date "1996.??.??"]
[Round "6"]
[White "De la Paz, Frank"]
[Black "Espinosa, Julio"]
[Result "1/2-1/2"]
[WhiteElo "2325"]
[BlackElo "2335"]

1.e4 d6 2.d4 g6 3.Nc3 Bg7 4.Nf3 c6 5.Be2 Nf6 6.O-O O-O 7.Re1 Qc7 8.h3 Nbd7
9.a4 b6 10.Be3 Bb7 11.Qd2 c5 12.d5 Rfe8 13.Bh6 Bh8 14.Ng5 a6 15.f4 c4 16.Bf3 b5
17.a5 Rac8 18.Kh1 Bg7 19.Bxg7 Kxg7 20.Qd4 Qc5 21.Qxc5 Nxc5 22.e5 Ng8 23.Nge4 Nxe4
24.Bxe4 Rc5 25.Bf3 Rd8 26.exd6 exd6 27.Na2 Rcc8 28.Nb4 Re8 29.Kg1 Nf6 30.Kf2 Kf8
31.g4 Nd7 32.Rxe8+ Rxe8 33.Re1 h6 34.Rxe8+ Kxe8 35.Ke3 Nc5 36.Kd4 Bc8 37.h4 Bd7
38.Bd1 f6 39.b3 cxb3 40.cxb3 g5 41.hxg5 hxg5 42.fxg5 fxg5 43.Na2 Nb7 44.b4 Nd8
45.Nc3 Nf7 46.Ne4 Ke7 47.Be2 Bc8  1/2-1/2

[Event "Helsinki-ch "]
[Site "Helsinki"]
[Date "1996.??.??"]
[Round "?"]
[White "Norri, Joose"]
[Black "Keskisarja, Teemu"]
[Result "1-0"]
[WhiteElo "2365"]
[BlackElo "2255"]

1.d4 g6 2.e4 Bg7 3.Nc3 d6 4.Be3 c6 5.a4 Nf6 6.h3 O-O 7.g4 e5 8.dxe5 dxe5
9.Qxd8 Rxd8 10.Bc4 Nbd7 11.O-O-O b6 12.Nf3 Bb7 13.Ng5 Rf8 14.Nxf7 Rxf7 15.Bxf7+ Kxf7
16.g5 Ke6 17.gxf6 Bxf6  1-0

[Event "Helsinki HSK op"]
[Site "Helsinki"]
[Date "1996.??.??"]
[Round "1"]
[White "Hamalainen, Sami"]
[Black "Hermlin, Aarne"]
[Result "1-0"]
[WhiteElo "2130"]
[BlackElo "2295"]

1.Nc3 g6 2.e4 Bg7 3.d4 d6 4.f4 Nf6 5.Nf3 c5 6.e5 Nfd7 7.exd6 O-O 8.dxe7 Re8
9.Bb5 Rxe7+ 10.Kf2 cxd4 11.Nd5 Re4 12.Bc4 Nc5 13.f5 Bxf5 14.Bg5 Qd6 15.b4 Ncd7
16.Re1 Nf6 17.Bxf6 Bxf6 18.Nxf6+ Qxf6 19.Rxe4 Bxe4 20.Qxd4 Qxd4+ 21.Nxd4 Nd7
22.Re1 Nf6 23.Nb5 Rd8 24.Nxa7 Rd2+ 25.Re2 Rd4 26.Bb3 Rxb4 27.c3 Rb6 28.Nc8 Ra6
29.Rd2 Kg7 30.Nd6 Bd5 31.Ne8+ Nxe8 32.Rxd5 Rf6+ 33.Ke3 Nd6 34.c4 b6 35.c5 Nf5+
36.Kd3 bxc5 37.Rxc5 Rb6 38.Rc7 Rd6+ 39.Kc3 Rf6 40.a4 Nd6 41.Rd7 g5 42.a5 Ne4+
43.Kb4 h5 44.Bd5 Rf4 45.Bxe4 Rxe4+  1-0

[Event "FIN-ch"]
[Site "Helsinki"]
[Date "1996.??.??"]
[Round "3"]
[White "Norri, Joose"]
[Black "Nouro, Mikael"]
[Result "1-0"]
[WhiteElo "2365"]
[BlackElo "2275"]

1.e4 g6 2.d4 Bg7 3.Nc3 d6 4.Be3 a6 5.h4 h5 6.Qd2 b5 7.Nh3 Bb7 8.Ng5 Nd7 9.a4 c6
10.f3 Ngf6 11.Bd3 Qc7 12.O-O O-O 13.Ne2 e5 14.c3 d5 15.exd5 Nxd5 16.Bf2 exd4
17.cxd4 N7f6 18.Rfc1 Qe7 19.Ng3 Rad8 20.Re1 Qb4 21.Qc2 Nf4 22.Bf1 Rd7 23.Qc1 Rxd4
24.Bxd4 Qxd4+ 25.Kh2 N6d5 26.N3e4 Be5 27.g3 f5 28.Rd1 Qb6 29.a5 Qc7 30.Nc5 Ne2
31.Bxe2 Bxg3+ 32.Kh1 Bxh4 33.Nxb7 Qg3 34.Rg1 Qe5 35.Bf1 Bf2 36.Qxc6 Rf6 37.Qc8+ Kg7
38.Nd8 Bxg1 39.Nde6+ Rxe6 40.Nxe6+ Kh7 41.Ng5+ Kg7 42.Qh8+  1-0

[Event "FIN-ch"]
[Site "Helsinki"]
[Date "1996.??.??"]
[Round "4"]
[White "Pulkkinen, Kari"]
[Black "Nouro, Mikael"]
[Result "1/2-1/2"]
[WhiteElo "2345"]
[BlackElo "2275"]

1.e4 g6 2.d4 Bg7 3.Nc3 d6 4.Be3 a6 5.a4 Nc6 6.Nf3 Bg4 7.Be2 Nf6 8.d5 Bxf3
9.Bxf3 Ne5 10.Be2 O-O 11.O-O c6 12.a5 cxd5 13.exd5 Rc8 14.Ra4 Ned7 15.Qd2 Nc5
16.Rh4 Re8 17.Bf3 Ncd7 18.Ra1 Rc7 19.Bd4 e5 20.dxe6 fxe6 21.Rh3 d5 22.Be3 Rc4
23.Nxd5 Nxd5 24.Bxd5 Rc7 25.Ba2 Bxb2 26.Rd1 Qe7 27.Bf4 Be5 28.Rd3 Bxf4 29.Qxf4 Nf8
30.Bb3 Qc5 31.Qd2  1/2-1/2

[Event "ROM-ch"]
[Site "Herculane"]
[Date "1996.??.??"]
[Round "6"]
[White "Vajda, Levente"]
[Black "Nevednichy, Vladislav"]
[Result "1/2-1/2"]
[WhiteElo "2370"]
[BlackElo "2525"]

1.e4 d6 2.d4 g6 3.Nc3 Bg7 4.Nge2 Nf6 5.g3 O-O 6.Bg2 e5 7.h3 Nc6 8.Be3 Bd7
9.O-O exd4 10.Nxd4 Re8 11.Re1 a6 12.Nxc6 bxc6 13.Qd2 Qc8 14.g4 Rb8 15.b3 h5
16.f3 hxg4 17.hxg4 Qb7 18.a3 Re7 19.Rad1 Rbe8 20.Bd4 Nh7 21.Kf2 Bxd4+ 22.Qxd4 g5
23.Rh1 Re5 24.Rh2 Nf8 25.Rdh1 Ng6 26.Kg3 Qb8 27.Bf1 d5 28.Na4 Qd8 29.exd5 Qf6
30.Nc5 Qd6 31.Nb7 Qf6 32.Nc5 Qd6 33.Nb7 Qf6 34.Nc5  1/2-1/2

[Event "Hessen-ch"]
[Site "Hofbieber"]
[Date "1996.??.??"]
[Round "5"]
[White "Schmitzer, Klaus"]
[Black "Heck, Norbert"]
[Result "0-1"]
[WhiteElo "2355"]
[BlackElo "2290"]

1.e4 d6 2.d4 g6 3.Nc3 Bg7 4.Be3 Nf6 5.f3 c6 6.Qd2 Qa5 7.g4 h5 8.g5 Nfd7 9.Nge2 b5
10.Nc1 Qc7 11.a4 b4 12.Nd1 a5 13.Be2 Nb6 14.c3 bxc3 15.Qxc3 Ba6 16.Nb3 Bxe2
17.Kxe2 O-O 18.Nf2 Qb7 19.Qc2 Na6 20.Nd3 Nb4 21.Nxb4 axb4 22.a5 Qa6+ 23.Kf2 Nc4
24.Bf4 e5 25.dxe5 Nxe5 26.Rhd1 Rfd8 27.Bxe5 Bxe5 28.Kg2 Qa7 29.Qd2 Qe7 30.f4 Bg7
31.Re1 Qe6 32.Re3 h4 33.h3 c5 34.Rf1 c4 35.Nd4 Bxd4 36.Qxd4 Rxa5 37.Qb6 Rda8
38.Qxb4 d5 39.Qb6 Qxb6  0-1

[Event "NLD-chT9697"]
[Site "Holland"]
[Date "1996.??.??"]
[Round "?"]
[White "Van de Oudeweetering, Arthur"]
[Black "Deleyn, Gunter"]
[Result "1-0"]
[WhiteElo "2345"]
[BlackElo "2275"]

1.e4 g6 2.d4 Bg7 3.Nc3 d6 4.f4 a6 5.Nf3 b5 6.Bd3 Nd7 7.O-O c5 8.dxc5 Nxc5
9.Qe1 Bg4 10.a3 Rc8 11.Bd2 Nf6 12.Qh4 Nxd3 13.cxd3 Bxf3 14.Rxf3 b4 15.axb4 Qb6+
16.Kh1 Qxb4 17.Rb1 O-O 18.f5 Rfe8 19.g4 Qb3 20.g5 Nh5 21.f6 Qc2 22.Qe1 exf6
23.Nd5 Rb8 24.gxf6 Bf8 25.b4 Qc8 26.Qf2 Kh8 27.Rg1 Re5 28.Qh4 Qb7 29.Rf5  1-0

[Event "HUN-chT1 9596"]
[Site "HUN"]
[Date "1996.??.??"]
[Round "7"]
[White "Boronyak, Arpad"]
[Black "Soponyai, Tamas"]
[Result "0-1"]
[WhiteElo "2310"]
[BlackElo "2110"]

1.e4 g6 2.d4 Bg7 3.Nc3 d6 4.f4 c6 5.Nf3 Bg4 6.Be2 Qb6 7.e5 Nh6 8.Ne4 Nf5
9.c3 d5 10.Nf2 Bxf3 11.Bxf3 h5 12.Nd3 e6 13.O-O Nd7 14.b4 Nxd4 15.Be3 Nxf3+
16.Rxf3 Qc7 17.a4 a5 18.Qd2 Bf8 19.Rff1 c5 20.Rfc1 b6 21.Ne1 axb4 22.cxb4 c4
23.Nf3 Be7 24.Nd4 Qb7 25.Rcb1 O-O 26.Qc2 Kg7 27.Qd2 Rfc8 28.Qc3 Kh7 29.h3 h4
30.Bf2 Qc7 31.Re1 Qd8 32.Kh2 Qf8 33.Reb1 Qh6 34.Be3 Qg7 35.Ra2 g5 36.Rf2 g4
37.hxg4 Qxg4 38.Qc2+ Kh8 39.Rf3 Rg8 40.Nc6 Bf8 41.Rh3 Rg7 42.g3 Rh7 43.Rg1 Qf5
44.Qf2 Rxa4 45.g4 Qe4 46.f5 Ra3 47.fxe6 fxe6 48.Nd8 Qxe5+ 49.Bf4 Rxh3+ 50.Kxh3 Qf6
51.Nxe6 Qxe6 52.Re1 Qf7 53.Qe3 Qg6 54.Qd4+ Bg7 55.Qxd5 Qd3+ 56.Qxd3 cxd3
57.Rd1 Ne5 58.Bxe5 Bxe5 59.Rxd3 Bg3 60.Rd8+ Kg7  0-1